Moharibat-e Salibi : / محاربات صليبی (Record no. 27377)
[ view plain ]
| 000 -LEADER | |
|---|---|
| fixed length control field | 00478nam a22001697a 4500 |
| 003 - CONTROL NUMBER IDENTIFIER | |
| control field | BDDh-ASL |
| 005 - DATE AND TIME OF LATEST TRANSACTION | |
| control field | 20231015030747.0 |
| 008 - FIXED-LENGTH DATA ELEMENTS--GENERAL INFORMATION | |
| fixed length control field | 211102n ii ||||| |||| 00| 0 u d |
| 040 ## - CATALOGING SOURCE | |
| Original cataloging agency | BDDh-ASL |
| Transcribing agency | BDDh-ASL |
| 082 ## - DEWEY DECIMAL CLASSIFICATION NUMBER | |
| Classification number | 909.07 |
| Item number | MOH |
| 245 10 - TITLE STATEMENT | |
| Title | Moharibat-e Salibi : / محاربات صليبی |
| 260 ## - PUBLICATION, DISTRIBUTION, ETC. | |
| Place of publication, distribution, etc. | Lucknow : |
| Name of publisher, distributor, etc. | An Nazir Press , |
| 300 ## - PHYSICAL DESCRIPTION | |
| Extent | 179 p. : |
| Dimensions | 24 cm. |
| 650 #0 - SUBJECT ADDED ENTRY--TOPICAL TERM | |
| 9 (RLIN) | 5478 |
| Topical term or geographic name entry element | Crusades |
| General subdivision | History |
| 700 1# - ADDED ENTRY--PERSONAL NAME | |
| 9 (RLIN) | 5592 |
| Personal name | Khan, Mashuk Hussain |
| 942 ## - ADDED ENTRY ELEMENTS (KOHA) | |
| Source of classification or shelving scheme | Dewey Decimal Classification |
| Koha item type | Books |
| Withdrawn status | Lost status | Source of classification or shelving scheme | Damaged status | Not for loan | Collection code | Home library | Current library | Shelving location | Date acquired | Source of acquisition | Serial Enumeration / chronology | Total Checkouts | Full call number | Barcode | Date last seen | Copy number | Price effective from | Koha item type |
|---|---|---|---|---|---|---|---|---|---|---|---|---|---|---|---|---|---|---|
| Dewey Decimal Classification | Non-fiction | Asiatic Society Library | Asiatic Society Library | General Stacks | 11/02/2021 | ASB Library Collection | U-0729 | 909.07 MOH | 113479 | 11/02/2021 | C-1 | 11/02/2021 | Books |